00663nam a2200157Ia 4500008004100000100001800041245011200059245010600171260004900277260001600326300001000342650001300352856004800365999001900413952007300432170221s9999 xx 000 0 und d aAnna Talafuse aTraditional and digital media advertising preference: a descriptive evaluation of Billings, Montana mothers cAnna Talafuse, Montana State University-Billings; Michael G. Brizek, South Carolina State University. bJournal of Management and Marketing Research cAugust 2016 a5 : 3 xBusiness uhttp://www.aabri.com/manuscripts/142110.pdf c309869d309869 001040aCLbCLd2017-02-21l0r2017-02-21 00:00:00w2017-02-21yFOJ